| 000 | 00426nam a2200157 a 4500 | ||
|---|---|---|---|
| 005 | 20140310183209.0 | ||
| 008 | 030422s19uu xx 00 eng d | ||
| 020 | _a9781851522729 | ||
| 050 |
_aPE 1628 _b.M665 1992 |
||
| 245 | _aThe minister English dictionary / | ||
| 260 |
_aLondon : _bHamlyn Pub., _c1992. |
||
| 300 |
_a310 p. : _c15 cm. |
||
| 650 |
_aEnglish language _xdictionaries |
||
| 942 |
_cBK _2lcc |
||
| 999 |
_c20070 _d20070 |
||